header

Side@Ways (Record no. 59370)

MARC details
000 -LEADER
fixed length control field 01246nam a2200325Ia 4500
245 00 - TITLE STATEMENT
Title Side@Ways
260 ## - PUBLICATION, DISTRIBUTION, ETC. (IMPRINT)
Place of publication Oxford :
Name of publisher Langaa RPCIG,
Year of publication 2013.
300 ## - PHYSICAL DESCRIPTION
Number of Pages vi, 202 p.
650 #0 - SUBJECT ADDED ENTRY--TOPICAL TERM
Topical Term Mobile communication systems
Topical Term Cell phone systems.
700 1# - ADDED ENTRY--PERSONAL NAME
Personal name Nyamnjoh, Francis.
Personal name de Bruijn, Mirjam.
Personal name Brickman, Inge.
856 40 - ELECTRONIC LOCATION AND ACCESS
Uniform Resource Identifier http://site.ebrary.com/lib/rucke/Doc?id=10677906

No items available.

© 2026 Rongo University
Contact us: librarian | system librarian | Rongo university